Sports Quiz

Random Sports or Olympics Quiz

Olympic Rowing Gold Medal Winners in Women's Eight Quiz Stats

 Plays Quiz not verified by Sporcle

Score 0/10 Timer 03:00
0 Plays Today
Hint Answer % Correct
2008 BeijingUnited States
91.1%
2012 LondonUnited States
88.9%
1984 Los AngelesUnited States
80%
1976 MontrealEast Germany
73.3%
1980 MoscowEast Germany
71.1%
1988 SeoulEast Germany
68.9%
1992 BarcelonaCanada
68.9%
2004 AthensRomania
48.9%
2000 SydneyRomania
46.7%
1996 AtlantaRomania
44.4%

You're not logged in!

Compare scores with friends on all Sporcle quizzes.
OR
Log In

Sporcle TV

Today on Sporcle TV


Watch our educational content, quiz creation guides, and fun videos on Sporcle TV.

Show Comments

Extras

Top Quizzes Today


Score Distribution

Your Account Isn't Verified!

In order to create a playlist on Sporcle, you need to verify the email address you used during registration. Go to your Sporcle Settings to finish the process.

Report this User

Report this user for behavior that violates our Community Guidelines.

Details: